The Science of Renewable Energy. (Record no. 7958)

MARC details
000 -LEADER
fixed length control field 00591nam a22002057a 4500
003 - CONTROL NUMBER IDENTIFIER
control field OSt
005 - DATE AND TIME OF LATEST TRANSACTION
control field 20241016134607.0
008 - FIXED-LENGTH DATA ELEMENTS--GENERAL INFORMATION
fixed length control field 220809b ||||| |||| 00| 0 eng d
020 ## - INTERNATIONAL STANDARD BOOK NUMBER
International Standard Book Number 9781498760478
040 ## - CATALOGING SOURCE
Transcribing agency DDC
082 ## - DEWEY DECIMAL CLASSIFICATION NUMBER
Classification number 621.04 SPE 2019
100 ## - MAIN ENTRY--PERSONAL NAME
Personal name Spellman, Frank R.
9 (RLIN) 16164
245 ## - TITLE STATEMENT
Title The Science of Renewable Energy.
250 ## - EDITION STATEMENT
Edition statement 2nd ed.
260 ## - PUBLICATION, DISTRIBUTION, ETC. (IMPRINT)
Place of publication, distribution, etc. Boca Raton :
Name of publisher, distributor, etc. Taylor & Francis, CRC Press;
Date of publication, distribution, etc. 2019
300 ## - PHYSICAL DESCRIPTION
Extent xix,559p.:
Other physical details ill;
Dimensions 26cm
504 ## - BIBLIOGRAPHY, ETC. NOTE
Bibliography, etc Includes bibliographical references and index
650 ## - SUBJECT ADDED ENTRY--TOPICAL TERM
Topical term or geographic name as entry element Renewable energy sources.
9 (RLIN) 16165
942 ## - ADDED ENTRY ELEMENTS (KOHA)
Source of classification or shelving scheme Dewey Decimal Classification
Koha item type Book
Holdings
Withdrawn status Lost status Source of classification or shelving scheme Damaged status Not for loan Home library Current library Source of acquisition Inventory number Total Checkouts Full call number Barcode Date last seen Koha item type
    Dewey Decimal Classification     MUST Main Library MUST Main Library Purchase 22/41949   621.04 SPE 2019 2022-0786 09/08/2022 Open Shelf
    Dewey Decimal Classification     MUST Main Library MUST Main Library Purchase 24/42241   621.04 SPE 2019 2024-22505 17/10/2024 Open Shelf
    Dewey Decimal Classification     MUST Main Library MUST Main Library Purchase 24/42241   621.04 SPE 2019 2024-22506 17/10/2024 Open Shelf